000 00904nam a2200277 i 4500
003 DO-SdBNP
005 20240717145501.0
007 ta
008 240610s2023 dr a 001 j spa d
020 _a9789945923124
040 _aDO-SdBNP
_bspa
_cBNPHU
_erda
082 4 _aR-PD 419.7293
_bD545
_222
110 1 _aConsejo Nacional de Discapacidad (Conadis)
_985610
245 1 0 _aDiccionario oficial de la lengua de señas dominicana /
250 _aPrimera edición
264 1 _aSanto Domingo :
_bConadis,
_c2023.
300 _a854 páginas :
_bilustraciones ;
_c30 cm.
336 _2rdacontent
_atexto
_btxt
337 _2rdamedia
_asin mediación
_bn
338 _2rdacarrier
_avolumen
_bnc
500 _aIncluye índice de palabras.
590 _aInventariado, 2024/ YL
650 0 _aComunicación no verbal
_945661
910 _aYLockward. Validado.Control de Calidad/MAA
942 _2ddc
_cLBS1
999 _c56790
_d56790